Trawnicek, Peter, 1935-. Münzjuden unter Ferdinand II. nach den Akten des Hofkammerarchivs in Wien. - Kiel : Solivagus-Verl.. - 2010 [Rezension]
| Titel: | Trawnicek, Peter, 1935-. Münzjuden unter Ferdinand II. nach den Akten des Hofkammerarchivs in Wien. - Kiel : Solivagus-Verl.. - 2010 [Rezension] |
|---|---|
| Verfasser: | |
| In: |
Vierteljahrschrift für Sozial- und Wirtschaftsgeschichte, Band 98, Heft 3 (2011), Seite 390-391 alle Artikel anzeigen |
| Veröffentlicht: | 2011 |
| Format: | Aufsatz |
| Sprache: | Deutsch |
X
alg: 39506771 001A $01999:12-11-16 001B $01999:04-08-21 $t21:03:44.000 001D $01999:12-11-16 001U $0utf8 001X $00 002@ $0Aox 003@ $0395067715 007A $0395067715 $aHEB 007T $0Herdc0083452m 010@ $ager 011@ $a2011 021A $aTrawnicek, Peter, 1935-. Münzjuden unter Ferdinand II. nach den Akten des Hofkammerarchivs in Wien. - Kiel : Solivagus-Verl.. - 2010 [Rezension] 028A $aJütte $dDaniel 031A $d98 $e3 $h390-391 $j2011 039B $aIn $8--Abvc--. Vierteljahrschrift für Sozial- und Wirtschaftsgeschichte. - Stuttgart : Steiner, 1903-. - ISSN 0042-5699 $x201100000980003610 $9047251867 039T $8--Aau--Trawnicek, Peter$Z1935- [Tp3]. Münzjuden unter Ferdinand II. nach den Akten des Hofkammerarchivs in Wien. - Kiel : Solivagus-Verl., 2010. - 410 S.. - graph. Darst.. - ISBN 978-3-9812101-8-7 $9226529355 045F $a900.94385 $eDDC23BSB 045F/01 $a900 045F/03 $g4385 lok: 39506771 78 exp: 39506771 78 1 #EPN 201B/01 $018-11-16 $t13:38:51.000 201U/01 $0utf8 203@/01 $0791366359 208@/01 $a12-11-16 $be 209A/01 $a/ $f000 $x00 220C/01 $aTitelaufnehmer: pg 220C/01 $aHerkunft: HI Marburg 244Z/01 $2Trx $#Silesia $#Śląsk $#Sliezsko $#Slezsko $8--Trx--Schlesien $x01 $9391173987 244Z/01 $2Trx $#arvustused $#recenzijos $#Reviews $#recenziók $#recenzje $#recenzie $#recenze $8--Trx--Rezensionen $x02 $9391357441 247C/01 $82080>Marburg/Lahn, Herder-Institut, Forschungsbibliothek, Bibliographieportal $9336309341
| LEADER | 00000caa a22000002c 4500 | ||
|---|---|---|---|
| 001 | 395067715 | ||
| 003 | DE-603 | ||
| 005 | 20210804210344.0 | ||
| 007 | tu | ||
| 008 | 161112s2011 xx |||| | u00||u|ger c | ||
| 035 | |a (DE-599)HEB395067715 | ||
| 040 | |a DE-603 |b ger |c DE-603 |d DE-603 | ||
| 041 | |a ger | ||
| 082 | 0 | 4 | |8 1\u |a 900.94385 |q DE-101 |2 23/BSB |
| 085 | |8 1\u |b 900 | ||
| 085 | |8 1\u |z 2 |s 4385 | ||
| 100 | 1 | |a Jütte, Daniel | |
| 245 | 0 | 0 | |a Trawnicek, Peter, 1935-. Münzjuden unter Ferdinand II. nach den Akten des Hofkammerarchivs in Wien. - Kiel : Solivagus-Verl.. - 2010 [Rezension] |
| 264 | 0 | |c 2011 | |
| 773 | 0 | 8 | |i In |t Vierteljahrschrift für Sozial- und Wirtschaftsgeschichte |d Stuttgart : Steiner, 1903- |x 0042-5699 |g Band 98, Heft 3 (2011), Seite 390-391 |w (DE-603)047251867 |w (DE-600)200400-8 |
| 787 | 0 | 8 | |i Rezension von |a Trawnicek, Peter, 1935- |t Münzjuden unter Ferdinand II. nach den Akten des Hofkammerarchivs in Wien |d Kiel : Solivagus-Verl., 2010 |h 410 S., graph. Darst. |z 9783981210187 |z 3981210182 |w (DE-603)226529355 |
| 924 | 0 | |9 2080 |a (DE-603)791366359 |b DE-2080 |c HES |d d |g / | |


